Capitales se terminant par la lettre K - Statistiques

Statistiques générales
  • Ce quiz a été pris 261 fois
  • Le résultat moyen est 4 sur 6
Statistiques - réponses
Réponse % Correct
Reykjavik
81%
Minsk
74%
Bichkek
66%
Bangkok
62%
Windhoek
51%
Melekeok
32%
Aucun quiz correspondant
Distribution des résultats
% des personnes avec chaque résultat
Percentile par nombre de réponses
Votre historique - résultats
Vous n’avez pas pris ce quiz